1095 1713 1092 1262 1603 1820 1131 1455 1447 1865 1430 1876 1977 1899 1324 1554 1253 1502 1886 1690 1949 1708 1305 1948 1473 1315 1997 1491 1240 1357 1137 1984 1177 1737 1250 1552 1937 1279 1423 1994 1038 1800 1499 1008 1679 1304 1277 1206 1774 1518 1369 1222 1331 1548 1729 1651 1850 1802 1740 1088 1176 1234 1681 1909 1383 1479 1497 1058 1203 1583 1147 1699 1684 1346 1312 1843 1828 1942 1518 1965 1277 1654 1145 1603 1317 1280 1420 1462 1481 1527 1243 1281 1447 1580 1073 1867 1988 1123 1231 BCNSPRNW ULIB Ver.6.0+V

เปลี่ยนเป็นภาษาไทย

Change to English
 แสดงรายละเอียดบรรณานุกรม
  กลับหน้าหลัก

Brief Record : Get Marc (ISO 2709) : E-mail record : QR code < ปิดหน้าต่าง
LEADER : 00000nam 2200000uu 4500
001    13399124160
003     ULIB
008    150122s2557||||th 000 0 tha d
020    9786162795794
050  4 LC315.T5ศ324ร
110 1  ศูนย์จิตตปัญญาศึกษา มหาวิทยาลัยมหิดล
245 00 รวมบทความการประชุมวิชาการประจำปีจิตปัญญาศึกษา ครั้งที่ 6 "จิตตปัญญาศึกษา พลังแห่งการฟื้นฟูและสร้างสรรค์สังคม" /^cศูนย์จิตตปัญญาศึกษา มหาวิทยาลัยมหิดล บรรณาธิการโดย พจน์ กริชไกรวรรณ และสุปรียส์ กาญจนพิศศาล
260    นครปฐม: ^bศูนย์จิตตปัญญาศึกษา มหาวิทยามหิดล,^c2557
300    297 หน้า,^bตาราง
650  7 จิตตปัญญาศึกษา
700 0  พจน์ กริชไกรวรรณ,^eบรรณาธิการ
700 0  สุปรียส์ กาญจนพิศศาล,^eบรรณาธิการ
945    ^p0^l0^i038731
999    ^aเกษร โพธิ์สุวรรณ
รายการนี้ยังไม่มีแท็ก
คุณยังไม่ได้ล็อกอิน คุณสามารถมีกิจกรรมร่วมกับเว็บไซต์ได้ แต่ต้องล็อกอินก่อน ::
  ล็อกอิน

รายการสื่อสารสนเทศ

ลำดับที่ ประเภท เลขเรียก/บาร์โค้ด สถานที่ สถานะ
1. การศึกษาทั่วไป
หนังสือสำรอง
สถานะ=หนังสือสำรอง
LC315.T5ศ324ร ฉ.1 
  Barcode: 038731
ห้องสมุดวิทยาเขตสวรรค์ประชารักษ์
►หนังสือทั่วไป
บนชั้น
Note:อภินันทนาการ

รายการใกล้เคียง
    หัวเรื่อง [จิตตปัญญาศึกษา]

BibComment


ยังไม่เคยถูกคอมเมนท์

คอมเมนท์ทรัพยากรรายการนี้
  คอมเมนท์: รวมบทความการประชุ..


 Copyright 2026. Bcnsprnw @Library